Last Place Eurovision Songs [2010-2023] - Statistics

General Stats
  • This quiz has been taken 13 times
  • The average score is 9 of 14
Answer Stats
Country And Year Song % Correct
Germany 2023 Blood And Glitter
88%
Spain 2017 Do It for Your Lover
88%
United Kingdom 2019 Bigger Than Us
75%
United Kingdom 2021 Embers
75%
Germany 2016 Ghost
75%
France 2014 Moustache
75%
Portugal 2018 O Jardim
75%
Germany 2022 Rockstars
75%
Germany 2015 [The two 2015 is not mistake] Black Smoke
63%
Austria 2015 [The two 2015 is not mistake] I Am Yours
50%
Ireland 2013 Only Love Survives
50%
Norway 2012 Stay
50%
Switzerland 2011 In Love for a While
38%
United Kingdom 2010 That Sounds Good to Me
38%
No matching quizzes found
Score Distribution
Percent of People with Each Score
Percentile by Number Answered
Your Score History
You have not taken this quiz